00331nam a2200121 450000500170000002000180001708200170003508400250005210000180007724500620009526000420015730000100019920260508122726.0 a9798893640168 a572.7bKEL.E 2Colon Classification aKelly, Joshua aEnzyme catalysis and mechanism:bA computational approach aNew York:bCallisto Reference;c2025. a214p.